000 01157nac a22002891i 4500
003 EG-ScBUE
005 20251216094515.0
008 250819t1987 nyua f b 001 0 eng d
020 _a0486654885 (pbk.)
040 _aEG-ScBUE
_beng
_erda
_cEG-ScBUE
_dEG-ScBUE
082 0 4 _a548.842
_bNAB
_222
100 1 _aNabarro, F. R. N.
_q(Frank Reginald Nunes),
_d1916-2006,
_eauthor.
245 1 0 _aTheory of crystal dislocations /
_cby F. R. N. Nabarro, professor of physics, University of the Witwatersrand, Johannesburg, South Africa.
264 1 _aNew York :
_bDover Publications, INC.,
_c[1987]
264 4 _cc1987
300 _axvii, 821 pages :
_billustrations ;
_c22 cm.
336 _2rdacontent
_atext
_btxt
337 _aunmediated
_2rdamedia
_bn
338 _avolume
_bnc
_2rdacarrier
490 0 _aDover books on physics and chemistry
500 _aReprint. Originally published: Oxford : Clarendon Press, 1967. (International series of monographs on physics)
500 _aIncludes Appendices.
504 _aIncludes bibliographical references and index.
650 7 _aDislocations in crystals.
_2BUEsh
655 _vReading book
942 _cBB
_2ddc
999 _c9358
_d9358